Periphyton communities on natural substrata in eu-, meso- and oligotrophic lakes at higher latitude

Bibliographic Details
Main Authors: Danilov, Roman A. (Author), Ekelund, Nils G.A (Author)
Format: Article
Language:Slovak
English
PhysicalDescription:Obr., tab.
ISSN:0006-3088
Subjects:

MARC

LEADER 00000nab a2200000 a 4500
001 vtls000820627
003 SK-MaSNL
005 20260304104311.0
008 250429c2002 xo 0 slo
015 |a SNBRB2003/01-00905 
035 |a CLN000172282 
035 |a urn:nbn:sk:snk-abbw1d 
035 |a (urnnbn)urn:nbn:sk:snk:ar-0015dh 
035 |a (uuid)ff22fa5d-9a70-4011-b052-afffd669bb05 
040 |a SNKBUCL  |b slo  |c SNKBUCL  |e AACR2 
041 0 |a eng 
044 |a xo  |c SK 
080 |a 582.263:581.14  |2 1997 
100 1 |a Danilov, Roman A.  |4 aut  |9 1404105 
245 1 0 |a Periphyton communities on natural substrata in eu-, meso- and oligotrophic lakes at higher latitude  |c Roman A. Danilov, Nils G.A. Ekelund 
300 |b Obr., tab. 
504 |a Res. angl. 
504 |a Bibliogr. odkazy 
650 0 7 |a riasy  |2 snkbucl  |9 3712 
650 0 7 |a voda sladká  |2 snkbucl  |9 910911 
650 0 7 |a ekológia  |2 snkbucl  |9 785 
650 0 7 |a ročné obdobia  |2 snkbucl  |9 110676 
655 7 |a články z novín a časopisov  |2 snkbucl  |9 267496 
700 1 |a Ekelund, Nils G.A.  |4 aut  |9 1404106 
773 0 |t Biologia  |g Roč. 57, č. 4 (2002), s. 433-436  |x 0006-3088 
850 |a Slovenská národná knižnica 
852 |a Slovenská národná knižnica 
954 |a odborná, vedecká literatúra cudzojazyčná (svetová)  |2 lita 
958 |a article15 
958 |a NB 
958 |a OND 
958 |a EUIPO 
992 |a RBX 
999 |c 2851292  |d 2853222